ثلاثة كتب في ميزان الإسلام : (رقم التسجيلة. 18970)

تفاصيل مارك
000 -LEADER
fixed length control field 00832nam a22002297a 4500
005 - DATE AND TIME OF LATEST TRANSACTION
control field 20251108164959.0
008 - FIXED-LENGTH DATA ELEMENTS--GENERAL INFORMATION
fixed length control field 250721s1980 xx 000 0 ara d
082 14 - DEWEY DECIMAL CLASSIFICATION NUMBER
Classification number 214.1/محت
100 1# - MAIN ENTRY--PERSONAL NAME
Personal name محتسب، عبد المجيد عبد السلام
245 10 - TITLE STATEMENT
Title ثلاثة كتب في ميزان الإسلام :
Remainder of title التفكير العلمي - أزمة الوحدة العربية - تجديد الفكر العربي /
250 ## - EDITION STATEMENT
Edition statement ط2
264 1# - PRODUCTION, PUBLICATION, DISTRIBUTION, MANUFACTURE, AND COPYRIGHT NOTICE
Place of production, publication, distribution, manufacture عمان :
Name of producer, publisher, distributor, manufacturer مكتبة النهضه الإسلاميه،
Date of production, publication, distribution, manufacture, or copyright notice 1980.
300 ## - PHYSICAL DESCRIPTION
Extent 179ص
650 17 - SUBJECT ADDED ENTRY--TOPICAL TERM
Topical term or geographic name as entry element الإسلام
650 17 - SUBJECT ADDED ENTRY--TOPICAL TERM
Topical term or geographic name as entry element أصول الدين الإسلامي
650 17 - SUBJECT ADDED ENTRY--TOPICAL TERM
Topical term or geographic name as entry element التوحيد
700 1# - ADDED ENTRY--PERSONAL NAME
Personal name زكريا، فؤاد
700 1# - ADDED ENTRY--PERSONAL NAME
Personal name الأهواني، عبد العزيز
700 1# - ADDED ENTRY--PERSONAL NAME
Personal name محمود، زكي نجيب
942 ## - ADDED ENTRY ELEMENTS (KOHA)
Source of classification or shelving scheme Dewey Decimal Classification
Koha item type كتب
المقتنيات
حالة السحب حالة الفقدان مصدر التصنيف حالة التلف غير قابل للإعارة المكتبة الرئيسية المكتبة الحالية موقع الرف تاريخ التزويد الرقم المتسلسل Total Checkouts رقم الإستدعاء الباركود تاريخ آخر ظهور تاريخ الفاتورة نوع المادة (كوها)
    Dewey Decimal Classification     مكتبة عدن للأطفال مكتبة عدن للأطفال الإعارة 16/02/2025 1793054   214.1/محت PLD00515710 28/07/2025 16/02/2025 كتب
Implemented & Customized by: BBB with SCIT (Smart Chains for Information Technology)

Powered by Koha